书目信息 |
| 题名: |
笑海
|
|
| 作者: | 罗载光 主编 | |
| 分册: | ||
| 出版信息: | 北京 中国广播电视出版社 1992 |
|
| 页数: | 524页 | |
| 开本: | 19cm | |
| 丛书名: | ||
| 单 册: | ||
| 中图分类: | I277.8 , I276.8 | |
| 科图分类: | ||
| 主题词: | 笑话--中国--选集 | |
| 电子资源: | ||
| ISBN: | 7-5043-1049-2 | |
| 000 | 00640nam0 2200229 450 | |
| 001 | 1556894162 | |
| 005 | 20150118154840.09 | |
| 010 | @a7-5043-1049-2@dCNY8.00 | |
| 100 | @a20021005d1992 em y0chiy0110 ea | |
| 101 | 0 | @achi |
| 102 | @aCN@b110000 | |
| 105 | @ay z 000dy | |
| 200 | 1 | @a笑海@9xiao hai@f罗载光等主编 |
| 210 | @a北京@c中国广播电视出版社@d1992 | |
| 215 | @a524页@d19cm | |
| 330 | @a本书选编了我国古代笑话,民间传统笑话,现代笑话约有1000篇。 | |
| 606 | 0 | @a笑话@y中国@x选集 |
| 690 | @aI277.8@v5 | |
| 690 | @aI276.8@v4 | |
| 701 | 0 | @a罗载光@9luo zai guang@4主编 |
| 801 | 0 | @aCN@bTSSF@c20150115 |
| 905 | @aZUCC@dI276.8@eJY20 | |
| 笑海/罗载光等主编.-北京:中国广播电视出版社,1992 |
| 524页;19cm |
| ISBN 7-5043-1049-2:CNY8.00 |
| 本书选编了我国古代笑话,民间传统笑话,现代笑话约有1000篇。 |
| ● |
| 相关链接 |
|
|
|
|
正题名:笑海
索取号:I276.8/JY20
 
预约/预借
| 序号 | 登录号 | 条形码 | 馆藏地/架位号 | 状态 | 备注 |
| 1 | 7835469 | 278354692 | 学院路分馆/ [索取号:I276.8/JY20] | 在馆 | |
| 2 | 7835470 | 278354709 | 学院路分馆/ [索取号:I276.8/JY20] | 在馆 | |
| 3 | 7835471 | 278354718 | 学院路分馆/ [索取号:I276.8/JY20] | 在馆 |